Человек и культура Востока. 2024 (Запись № 13691491)

Подробности
000 -МАРКЕР
контрольное поле 02571nam2a2200325 4500
001 - ИДЕНТИФИКАТОР ЗАПИСИ
контрольное поле RU\NLR\BIBL_A\022475875
005 - ИДЕНТИФИКАТОР ВЕРСИИ
контрольное поле 20260426070545.0
010 ## - МЕЖДУНАРОДНЫЙ СТАНДАРТНЫЙ НОМЕР КНИГИ (ISBN)
Номер (ISBN) 978-5-8381-0487-8
Тираж 500
021 ## - НОМЕР ГОСУДАРСТВЕННОЙ РЕГИСТРАЦИИ
Код страны российская федерация
Номер КН-П-24-085632
Номер Листа государственной регистраци КН-П-24-8506
035 ## - ДРУГИЕ СИСТЕМНЫЕ НОМЕРА
Идентификатор записи (NLR Aleph) 022475875
100 ## - ДАННЫЕ ОБЩЕЙ ОБРАБОТКИ
Данные общей обработки 20250303d2024 k y0rusy50 ca
101 0# - ЯЗЫК РЕСУРСА
Язык текста, звукозаписи и т.д. русский
-- китайский
Язык резюме английский
102 ## - СТРАНА ПУБЛИКАЦИИ ИЛИ ПРОИЗВОДСТВА
Страна публикации российская федерация
105 ## - ПОЛЕ КОДИРОВАННЫХ ДАННЫХ: ТЕКСТОВЫЕ МАТЕРИАЛЫ, МОНОГРАФИЧЕСКИЕ
Кодированные данные о монографическом текстовом документе ac||z|||100yy
200 0# - ЗАГЛАВИЕ И СВЕДЕНИЯ ОБ ОТВЕТСТВЕННОСТИ
Основное заглавие 2024
Сведения, относящиеся к заглавию избранные материалы Международной научной конференции Китай и Восточная Азия: философия, литература, культура", [Москва, июнь 2024 г.]
Первые сведения об ответственности Министерство науки и высшего образования Российской Федерации, Институт Китая и современной Азии Российской академии наук, Центр изучения культуры Китая
Последующие сведения об ответственности ответственный редактор: В. Б. Виногродская
210 ## - ПУБЛИКАЦИЯ, РАСПРОСТРАНЕНИЕ И ДР.
Место издания, распространения и т.д. Москва
Имя издателя, распространителя и т. д. ИКСА РАН
Дата издания, распространения и т.д. 2024
215 ## - ФИЗИЧЕСКАЯ ХАРАКТЕРИСТИКА
Специфическое обозначение материала и объем 283, [3] с.
Другие сведения о физической характеристике ил., портр., цв. ил.
300 ## - ОБЩИЕ ПРИМЕЧАНИЯ
Текст примечания Часть текста кит.; Рез. англ.
320 ## - ПРИМЕЧАНИЯ О НАЛИЧИИ В ДОКУМЕНТЕ БИБЛИОГРАФИИ / УКАЗАТЕЛЯ
Текст примечания Библиогр. в конце ст.
461 #0 - УРОВЕНЬ НАБОРА
Встроенное поле 001RU\NLR\bibl\1909876
-- 2001#$aЧеловек и культура Востока$eисследования и переводы$e[материалы постоянно действующего семинара$fсост. и отв. ред.: к.ф.н. В.Б. Виногродская]$v2024
Системный номер (АБИС) связанной записи 3028278
Место публикации Москва
Дата публикации 2009
Первые сведения об ответственности сост. и отв. ред.: к.ф.н. В.Б. Виногродская]
Имя издателя, распространителя и т.д. ИДВ РАН
Сведения, относящиеся к заглавию исследования и переводы : [материалы постоянно действующего семинара
Заглавие Человек и культура Востока
Номер тома 2024
606 1# - НАИМЕНОВАНИЕ ТЕМЫ КАК ПРЕДМЕТ
Наименование темы Китайская литература
Формальный подзаголовок Съезды, совещания и т.п
Системный номер авторитетной/нормативной записи 1200335
Идентификатор авторитетной/нормативной записи RU\NLR\AUTH\66485802
686 1# - ИНДЕКСЫ ДРУГИХ КЛАССИФИКАЦИЙ
Индекс Ш5(5Кит)я431
702 #1 - ИМЯ ЛИЦА - ВТОРИЧНАЯ ОТВЕТСТВЕННОСТЬ
Код отношения Редактор
Графика поля Кириллица
Материалы, к которым относится поле rus
Начальный элемент ввода Виногродская
Часть имени, кроме начального элемента ввода В. Б.
Расширение инициалов личного имени Вероника Брониславовна
Системный номер авторитетной/нормативной записи 48795
Идентификатор авторитетной/нормативной записи RU\NLR\AUTH\7765866
711 12 - НАИМЕНОВАНИЕ ОРГАНИЗАЦИИ - АЛЬТЕРНАТИВНАЯ ОТВЕТСТВЕННОСТЬ
Начальный элемент ввода "Китай и Восточная Азия: философия, литература, культура", международная научная конференция
Порядковый номер временной организации и / или порядковый номер ее части 25
Место проведения временной организации Москва
Дата проведения временной организации 2024
Системный номер авторитетной/нормативной записи 2656835
Идентификатор авторитетной/нормативной записи RU\NLR\AUTH\880624467
942 ## - ДОПОЛНИТЕЛЬНЫЕ ЭЛЕМЕНТЫ ЗАПИСИ (АБИС)
Тип экземпляра АБИС Книга
980 ## - КОЛЛЕКЦИЯ
Название коллекции Национальная библиография

Нет доступных экземпляров.